Avtomatizacija informacionnogo obespečenija processov projektirovanija

Na minha lista:
Detalhes bibliográficos
Autor principal: Jarmoš, Nikolaj Adamovič
Formato: Livro
Idioma:russo
Publicado em: Minsk Nauka i technika 1984
Tags: Adicionar Tag
Sem tags, seja o primeiro a adicionar uma tag!

MARC

LEADER 00000nam a2200000 4500
001 c114779
005 20230120081253.0
041 0 |a rus 
044 |a BY 
245 1 0 |a Avtomatizacija informacionnogo obespečenija processov projektirovanija  |c Nikolaj Adamovič Jarmoš 
264 1 |a Minsk  |b Nauka i technika  |c 1984 
300 |a 268 s. 
100 1 |a Jarmoš, Nikolaj Adamovič